Súčasný Blízky východ: hra o Sýriu
Ozbrojený konflikt v Sýrii, v ktorom proti ozbrojeným zložkám režimu bojujú skupiny, ktoré sú prepojené s medzinárodne uznanými teroristickými organizáciami. Tzv. sýrska opozícia bojuje s podporou Turecka, Saudskej Arábie a štátu Katar, odkiaľ prichádzajú financie, výzbroj a politické krytie. Od sep...
Uložené v:
| Hlavný autor: | |
|---|---|
| Médium: | Kapitola |
| Jazyk: | Slovak |
| Predmet: | |
| Tagy: |
Žiadne tagy, Buďte prvý, kto otaguje tento záznam!
|
MARC
| LEADER | 00000nla a2200000 4500 | ||
|---|---|---|---|
| 001 | 0228996 | ||
| 005 | 20240502073755.4 | ||
| 041 | 0 | |a slo | |
| 044 | |a SK | ||
| 245 | 1 | 0 | |a Súčasný Blízky východ: hra o Sýriu |c Karol R. Sorby |
| 520 | |a Ozbrojený konflikt v Sýrii, v ktorom proti ozbrojeným zložkám režimu bojujú skupiny, ktoré sú prepojené s medzinárodne uznanými teroristickými organizáciami. Tzv. sýrska opozícia bojuje s podporou Turecka, Saudskej Arábie a štátu Katar, odkiaľ prichádzajú financie, výzbroj a politické krytie. Od septembra 2015 na pozvanie sýrskeho režimu sa do boja proti opozíci zapojila Ruská federácia leteckou podporou sýrskej armády. | ||
| 610 | 2 | 0 | |a vojny |
| 610 | 2 | 0 | |a konflikty |
| 610 | 2 | 0 | |a politika medzinárodná |
| 610 | 2 | 0 | |a vzťahy medzinárodné |
| 610 | 2 | 0 | |a sily ozbrojené |
| 610 | 2 | 0 | |a Blízky východ |
| 610 | 2 | 0 | |a Sýria |
| 100 | 1 | |a Sorby, Karol R. | |